000 00656nam a2200229Ia 4500
003 OSt
005 20220927112612.0
006 a|||||r|||| 00| 0
007 ta
008 220926b |||||||| |||| 00| 0 eng d
024 _a153093
037 _cReports
040 _aRTL
_cRTL
_beng
041 _2eng
_aeng
082 _a"V2,8.N6t, GD"
100 _aThorat S.P.p.
_9383891
245 0 _aStudy team on recruitment selection U.P.S.C./states P.S.C.S. and training
260 _aNew
_bDelhi Admisnistrative reforms commission India
300 _a103p.
_ccm.
942 _h"V2,8.N6t, GD"
_cCC
999 _c700418
_d700418